000 00433nam a2200193Ia 4500
008 210210b1902 xxu||||| |||| 00| 0 eng d
041 _aeng
082 _a515/121
100 _aSCHULTZ
245 _aPlane and solid geometry
260 _aNew York
_bMacmillan & Co. Ltd.
_c1902
650 _asolid
650 _aPlane
650 _ageometry
650 _aand
690 _aGeometry
700 _aSEVENOAK
906 _a007685
999 _c140238
_d140238